Counter-Strike Esports World Cup 2024 Players - Statistics

General Stats
  • This quiz has been taken 3 times
  • The average score is 36 of 75
Answer Stats
Team Country Player % Correct
The MongolZ Mongolia 910
100%
Vitality France apEX
100%
Spirit Russia donk
100%
G2 Bosnia & Herzegovina huNter-
100%
G2 Bosnia & Herzegovina NiKo
100%
Vitality France ZywOo
100%
Natus Vincere Ukraine b1t
67%
The MongolZ Mongolia bLitz
67%
FaZe Latvia broky
67%
MOUZ Sweden Brollan
67%
Spirit Russia chopper
67%
Virtus.pro Russia electroNic
67%
Complexity United States EliGE
67%
FURIA Brazil FalleN
67%
Vitality Israel flameZ
67%
FaZe Slovakia frozen
67%
Natus Vincere Romania iM
67%
Natus Vincere Lithuania jL
67%
FaZe Denmark karrigan
67%
FURIA Brazil KSCERATO
67%
G2 Russia m0NESY
67%
Spirit Russia magixx
67%
G2 Guatemala malbsMd
67%
Vitality United Kingdom mezii
67%
The MongolZ Mongolia mzinho
67%
FaZe Norway rain
67%
FaZe Estonia ropz
67%
MIBR Brazil saffee
67%
The MongolZ Mongolia Senzu
67%
Spirit Russia sh1ro
67%
G2 Poland Snax
67%
Vitality Israel Spinx
67%
The MongolZ Mongolia Techno
67%
Natus Vincere Ukraine w0nderful
67%
MOUZ Israel xertioN
67%
Spirit Ukraine zont1x
67%
Natus Vincere Finland Aleksib
33%
FlyQuest Australia aliStair
33%
FURIA Brazil chelo
33%
FlyQuest Australia dexter
33%
MIBR Brazil drop
33%
MIBR Brazil exit
33%
Virtus.pro Russia fame
33%
Virtus.pro Russia FL1T
33%
Complexity United States floppy
33%
Complexity United States Grim
33%
Complexity Norway hallzerk
33%
FlyQuest Australia INS
33%
MIBR Brazil insani
33%
JijieHao Jordan ISSAA
33%
Virtus.pro Russia Jame
33%
MOUZ Finland Jimpphat
33%
Complexity South Africa JT
33%
Sashi Denmark kwezz
33%
M80 United States Lake
33%
FlyQuest Australia Liazz
33%
Sashi Denmark Lucky
33%
Virtus.pro Russia n0rb3r7
33%
M80 United States reck
33%
M80 Germany s1n
33%
MOUZ Poland siuhy
33%
FURIA Brazil skullz
33%
M80 Germany slaxz-
33%
M80 United States Swisher
33%
MOUZ Hungary torzsi
33%
FlyQuest Australia Vexite
33%
FURIA Brazil yuurih
33%
JijieHao Palestine 0SAMAS
0%
MIBR Brazil brnz4n
0%
Sashi Denmark Cabbi
0%
JijieHao Bulgaria dennyslaw
0%
Sashi Denmark IceBerg
0%
JijieHao Denmark Kjaerbye
0%
JijieHao Lebanon m1N1
0%
Sashi Denmark MistR
0%
No matching quizzes found
Score Distribution
Percent of People with Each Score
Percentile by Number Answered
Your Score History
You have not taken this quiz